TV Medical Series Quiz Stats

 Plays Quiz Updated Nov 7, 2018

Score 0/22 Timer 07:00
10 Plays Today
Lead Actor Show % Correct
Hugh LaurieHouse, M.D.
94.4%
Noah WyleER
91.9%
Ellen PompeoGrey's Anatomy
86.4%
Zach BraffScrubs
85%
Alan AldaM*A*S*H
59.9%
Neil Patrick HarrisDoogie Howser, M.D.
53.1%
Kate WalshPrivate Practice
47.7%
Anthony GearyGeneral Hospital
46.7%
Edie FalcoNurse Jackie
32.5%
Mandy PatinkinChicago Hope
30.5%
Jada Pinkett SmithHawthoRNe
29.3%
Lead Actor Show % Correct
Ed FlandersSt. Elsewhere
23.4%
Jack KlugmanQuincy, M.E.
22.5%
Dick Van DykeDiagnosis Murder
20.2%
Michelle TrachtenbergMercy
19.5%
Robert YoungMarcus Welby, M.D.
17.5%
Dylan WalshNipTuck
15.9%
Derek LukeTrauma
14.7%
Pernell RobertsTrapper John, M.D.
14.2%
Alex O'LoughlinThree Rivers
10.6%
James PritchettThe Doctors
6.9%
Jason WilesThird Watch
5.2%

You're not logged in!

Compare scores with friends on all Sporcle quizzes.
OR
Log In

Sporcle TV

Today on Sporcle TV


Watch our educational content, quiz creation guides, and fun videos on Sporcle TV.

Show Comments

Extras

Top Quizzes Today


Score Distribution

Your Account Isn't Verified!

In order to create a playlist on Sporcle, you need to verify the email address you used during registration. Go to your Sporcle Settings to finish the process.

Report this User

Report this user for behavior that violates our Community Guidelines.

Details: